000 00613nam a2200193Ia 4500
008 151121s9999||||xx |||||||||||||| ||und||
082 _a811/किणीक
082 _bHNW-51349
100 _aकिणीकर रॉय
245 _aउत्तर रात्र
260 _b"किणीकर श्रीशब्द प्रकाशन, पुणे।"
260 _c--
300 _a96
600 _aकिणीकर रॉय
630 _aउत्तर रात्र
700 _aकिणीकर रॉय
730 _aउत्तर रात्र
942 _cBOOK
999 _c1235768
_d1235765